Statistics for F1 Podiums 2022

Click here to take the quiz!

General Stats

  • This quiz has been taken 58 times
  • The average score is 8 of 9

Answer Stats

HintAnswer% Correct
aCharles Leclerc
100%
aLewis Hamilton
100%
aMax Verstappen
100%
aCarlos Sainz
98%
aGeorge Russell
98%
aSergio Perez
98%
aLando Norris
95%
aKevin Magnussen
75%
aZhou Guanyu
73%

Score Distribution

Percentile by Number Answered

Percent of People with Each Score

Your Score History

You have not taken this quiz